| 000 | 01604nam a2200325 a 4500 | ||
|---|---|---|---|
| 001 | 000022502 | ||
| 003 | DO-SdBNP | ||
| 005 | 20251120073732.0 | ||
| 008 | 101012s1991 dr 000 0 spa d | ||
| 040 |
_aDO-SdBNP _bspa _cBNPHU |
||
| 082 | 4 |
_a327.7293 _bA696p _222 |
|
| 100 | 1 |
_aArias, Luis, _q(Arias Núñez) _99356 |
|
| 245 | 1 | 3 |
_aLa política exterior en la era de Trujillo / _cLuis Arias Núñez ; prólogo José Israel Cuello H. ; cuidado de edición Carmen Pérez de Cabral y Carlos Dobal. |
| 260 |
_aSantiago de los Caballeros, República Dominicana : _bPUCMM, _c1991. |
||
| 300 |
_a245 p. ; _c21 cm. |
||
| 490 | 0 |
_aEstudios ; _v156 |
|
| 500 | _aIncluye datos biográficos del autor en la solapa de la cubierta | ||
| 504 | _aIncluye referencias bibliográficas y notas al pie de las páginas | ||
| 504 | _aBibliografía : p. 243-245 | ||
| 505 | 0 |
_aPrólogo --- _tConsideraciones generales -- _tRelaciones con Haití -- _tRelaciones de Trujillo con Estados Unidos -- _tLa política del régimen de Trujillo a la luz de los conflictos del Caribe en el periodo de post-guerra -- _tEl intervencionismo que costó la caída de Trujillo. |
|
| 590 | _aInventariado, 2018/BT | ||
| 651 | 4 |
_aRepública Dominicana _xPolítica exterior _yEra de Trujillo, 1930-1961 _910358 |
|
| 700 | 1 |
_aCuello H., José Israel, _epról. _96298 |
|
| 700 | 1 | 2 |
_aPérez de Cabral, Carmen, _eed. _938851 |
| 700 | 1 |
_aDobal, Carlos, _eed. _926322 |
|
| 710 | 2 |
_aPontificia Universidad Católica Madre y Maestra _9843 |
|
| 830 | 0 |
_aEstudios ; _n156 _946350 |
|
| 910 | _aValidado. Control de calidad. MFF | ||
| 942 |
_2ddc _cLBS1 |
||
| 999 |
_c22000 _d22000 |
||